000 002730000a22000970004500
100 1 _aBoff, Leonardo
245 1 0 _aAportación de la eclesiogénesis brasileña a la iglesia universal
300 _avol.296, num296 (2002), Páginas 411-416
773 0 _tConcilium
942 _cANA
999 _c49937
_d49937